[Event "Havana Municipal-ch 12th"]
[Site "Havana"]
[Date "2009.09.19"]
[Round "4"]
[White "Zayas Sosa, Alfredo"]
[Black "Fernandez Mayola, Reynold Rafael"]
[Result "1/2-1/2"]
[WhiteElo "2163"]
[BlackElo "2052"]
[PlyCount "112"]
[EventDate "2009.09.15"]
[EventType "swiss"]
[EventRounds "11"]
[EventCountry "CUB"]
[EventCategory "1"]
[SourceTitle "EXT 2012"]
[Source "ChessBase"]
[SourceDate "2011.11.24"]
[SourceVersion "1"]
[SourceVersionDate "2011.11.24"]
[SourceQuality "1"]

1. d4 Nf6 2. c4 e6 3. g3 Bb4+ 4. Bd2 Qe7 5. Bg2 Nc6 6. e3 Bxd2+ 7. Nxd2 d6 8. Ngf3 e5 9. 0-0 0-0 10. d5 Nb8 11. e4 a5 12. b3 Na6 13. a3 Bg4 14. h3 Bxf3 15. Bxf3 c6 16. Re1 Qd7 17. Kg2 cxd5 18. cxd5 b5 19. Be2 Nc5 20. Bf1 Ne8 21. b4 Na4 22. Nb3 axb4 23. axb4 f5 24. exf5 Qxf5 25. Qd2 Qf3+ 26. Kg1 Nc7 27. Na5 Qxd5 28. Qxd5+ Nxd5 29. Rxa4 bxa4 30. Bc4 Rab8 31. Nc6 Kh8 32. Nxb8 Nb6 33. Ba2 Rxb8 34. f4 exf4 35. gxf4 g6 36. Re6 Rd8 37. Kf2 a3 38. Ke1 Na4 39. Re3 Rb8 40. Rb3 d5 41. Rxa3 Rxb4 42. Bxd5 Rxf4 43. Ke2 Kg7 44. Ke3 Rh4 45. Kf2 h5 46. Kg2 Kh6 47. Kg3 Rd4 48. Bf3 Nc5 49. h4 Ne6 50. Re3 Ng7 51. Be4 Nf5+ 52. Bxf5 gxf5 53. Re6+ Kg7 54. Ra6 Rg4+ 55. Kh3 Re4 56. Kg3 Re3+ 1/2-1/2

[Event "Havana Municipal-ch 12th"]
[Site "Havana"]
[Date "2009.09.15"]
[Round "1"]
[White "Zayas Sosa, Alfredo"]
[Black "Calveira Leon, Jesus"]
[Result "1-0"]
[WhiteElo "2163"]
[BlackElo "2061"]
[PlyCount "109"]
[EventDate "2009.09.15"]
[EventType "swiss"]
[EventRounds "11"]
[EventCountry "CUB"]
[EventCategory "1"]
[SourceTitle "EXT 2012"]
[Source "ChessBase"]
[SourceDate "2011.11.24"]
[SourceVersion "1"]
[SourceVersionDate "2011.11.24"]
[SourceQuality "1"]

1. d4 d5 2. Nf3 Nf6 3. c4 c6 4. e3 e6 5. Nc3 Nbd7 6. Qc2 dxc4 7. Bxc4 b5 8. Bd3 Bb7 9. 0-0 b4 10. Ne4 Qb6 11. Nfd2 Rc8 12. Nc4 Qc7 13. Bd2 Nxe4 14. Bxe4 c5 15. Rac1 Bxe4 16. Qxe4 Qc6 17. Qxc6 Rxc6 18. dxc5 Bxc5 19. Na5 Rc7 20. Bxb4 0-0 21. Rfd1 Rfc8 22. Bxc5 Rxc5 23. Rxc5 Rxc5 24. Nb3 Rc7 25. Kf1 Kf8 26. Ke1 Ke7 27. Rd2 Nf6 28. f3 Nd5 29. Ke2 Nb6 30. e4 e5 31. Na5 Ke6 32. b3 Rc5 33. Nb7 Rc7 34. Nd6 Rc6 35. Nf5 g6 36. Ne3 a5 37. Rc2 Rxc2+ 38. Nxc2 f5 39. Kd3 f4 40. Na3 a4 41. b4 g5 42. Nc4 Nd7 43. Kc3 h5 44. h3 Nf6 45. b5 g4 46. hxg4 hxg4 47. b6 Nxe4+ 48. fxe4 f3 49. gxf3 g3 50. b7 g2 51. b8Q g1Q 52. Qxe5+ Kf7 53. Nd6+ Kg6 54. Qf4 Kg7 55. Qg4+ 1-0

[Event "Havana Province-ch sf"]
[Site "Havana"]
[Date "2009.08.02"]
[Round "8"]
[White "Cierna Rodriguez, Alain"]
[Black "Zayas Sosa, Alfredo"]
[Result "1/2-1/2"]
[WhiteElo "2154"]
[BlackElo "2147"]
[PlyCount "64"]
[EventDate "2009.07.23"]
[EventType "swiss"]
[EventRounds "9"]
[EventCountry "CUB"]
[EventCategory "1"]
[SourceTitle "EXT 2018"]
[Source "ChessBase"]
[SourceDate "2017.10.13"]
[SourceVersion "1"]
[SourceVersionDate "2017.10.13"]
[SourceQuality "1"]

1. Nf3 Nf6 2. d4 c5 3. c3 g6 4. Bf4 cxd4 5. cxd4 Bg7 6. Nc3 0-0 7. e4 d5 8. e5 Ne4 9. Qb3 Nxc3 10. bxc3 Nc6 11. Be2 f6 12. exf6 exf6 13. 0-0 Na5 14. Qb4 Re8 15. Bb5 Bf8 16. Qa4 Re6 17. Rfe1 a6 18. Bd3 Bd7 19. Qc2 Rc8 20. Rxe6 Bxe6 21. h4 Qd7 22. Re1 Nc4 23. Bxg6 hxg6 24. Qxg6+ Bg7 25. Bh6 Bf5 26. Qxg7+ Qxg7 27. Bxg7 Kxg7 28. Re7+ Kg8 29. Rxb7 Re8 30. Kh2 Re2 31. Kg3 Rc2 32. Ra7 Rxa2 1/2-1/2

[Event "Havana Province-ch sf"]
[Site "Havana"]
[Date "2009.07.30"]
[Round "5"]
[White "Zayas Sosa, Alfredo"]
[Black "Martinez Ival, Carlos"]
[Result "1-0"]
[WhiteElo "2147"]
[BlackElo "2081"]
[PlyCount "43"]
[EventDate "2009.07.23"]
[EventType "swiss"]
[EventRounds "9"]
[EventCountry "CUB"]
[EventCategory "1"]
[SourceTitle "EXT 2018"]
[Source "ChessBase"]
[SourceDate "2017.10.13"]
[SourceVersion "1"]
[SourceVersionDate "2017.10.13"]
[SourceQuality "1"]

1. d4 Nf6 2. c4 e6 3. g3 d5 4. Nf3 Be7 5. Bg2 0-0 6. 0-0 dxc4 7. Qc2 a6 8. Qxc4 b5 9. Qc2 Bb7 10. Bd2 Be4 11. Qd1 Qc8 12. Bg5 Nbd7 13. Nbd2 Bb7 14. Nb3 c5 15. dxc5 Nxc5 16. Na5 Bd5 17. Ne5 Nce4 18. Nec6 Bd6 19. Bxf6 Nxf6 20. Bxd5 Nxd5 21. e4 Nb4 22. e5 1-0

[Event "Havana Province-ch sf"]
[Site "Havana"]
[Date "2009.07.24"]
[Round "2"]
[White "Torres Jimenez, Leonardo"]
[Black "Zayas Sosa, Alfredo"]
[Result "0-1"]
[WhiteElo "2220"]
[BlackElo "2147"]
[PlyCount "100"]
[EventDate "2009.07.23"]
[EventType "swiss"]
[EventRounds "9"]
[EventCountry "CUB"]
[EventCategory "1"]
[SourceTitle "EXT 2018"]
[Source "ChessBase"]
[SourceDate "2017.10.13"]
[SourceVersion "1"]
[SourceVersionDate "2017.10.13"]
[SourceQuality "1"]

1. d4 Nf6 2. c4 c5 3. e3 e6 4. Nc3 Be7 5. Nf3 0-0 6. Bd3 d5 7. 0-0 Nc6 8. b3 cxd4 9. exd4 dxc4 10. bxc4 b6 11. Be3 Bb7 12. a3 Rc8 13. Qe2 Re8 14. Rfd1 h6 15. Rab1 Bxa3 16. c5 Bb4 17. Nb5 Nd5 18. Rbc1 Re7 19. Qb2 Rd7 20. Nd6 Rxd6 21. cxd6 Qxd6 22. Rc2 Rd8 23. Rdc1 Ba3 24. Rxc6 Bxc6 25. Rxc6 Bxb2 26. Rxd6 Rxd6 27. Ne5 Nxe3 28. fxe3 Rxd4 29. exd4 Bxd4+ 30. Kf1 Bxe5 31. Kf2 Bxh2 32. g3 f5 33. Kg2 Bxg3 34. Kxg3 g5 35. Kf3 Kg7 36. Bb5 e5 37. Be8 Kf6 38. Bd7 e4+ 39. Ke3 Ke5 40. Bc8 a5 41. Ba6 f4+ 42. Kf2 Kd4 43. Be2 e3+ 44. Kf3 h5 45. Bb5 Kc3 46. Ke2 Kb4 47. Be8 a4 48. Bxh5 Kc3 49. Kd1 a3 50. Kc1 b5 0-1